Karina, kuntum terlara

Bibliographic Details
Main Author: PUTRI Klasik
Format: Book
Published: Kuala Lumpur : Berita Publishing , 1994

MARC

LEADER 00000cam a2200000 7i4500
001 0000002392
002 000002604
005 20000330.0
020 |a 967969318X 
090 0 0 |a F   |b PUT 
100 0 |a PUTRI Klasik 
245 1 0 |a Karina, kuntum terlara   |c Putri Klasik 
260 |a Kuala Lumpur :   |b Berita Publishing ,   |c 1994 
300 |a 158p. ;   |c 17cm. 
999 |a 035883   |b BUKU   |c FICTION   |e PERPUSTAKAAN KOMUNITI PETALING JAYA 
999 |a 035884   |b BUKU   |c FICTION   |e PERPUSTAKAAN KOMUNITI PETALING JAYA